Land vs. Land #96 - Statistiken

Allgemein
  • Dieses Quiz wurde 22 mal gespielt
  • Das Durchschnittsergebnis liegt bei 12 aus 14
Antwortstatistiken
Frage Antwort % Korrekt
...Frieden? Island🇮🇸
100%
...Lebenserwartung? Island🇮🇸
100%
...Fläche? Russland🇷🇺
100%
...Einwohner? Russland🇷🇺
100%
...Militär? Russland🇷🇺
100%
...Happy Planet Index? Island🇮🇸
95%
...Gesundheitswesen? Island🇮🇸
95%
...Bruttoinlandsprodukt? Russland🇷🇺
95%
...Exportmengen? Russland🇷🇺
95%
...Bruttoinlandsprodukt pro Kopf? Island🇮🇸
81%
...HDI (Human Development Index)? Island🇮🇸
81%
...Tourismus? Russland🇷🇺
76%
...durchschnittlicher IQ? Island🇮🇸
57%
...Gewinner? Island🇮🇸
43%
Keine übereinstimmenden Quizze gefunden
Verteilung der Resultate
Anzahl Personen mit jedem Resultat
Perzentil nach korrekt beantworteten Fragen
Ihre Resultats-Entwicklung
Sie haben dieses Quiz noch nicht gespielt